Water quality & treatment : (Record no. 140865)

MARC details
000 -LEADER
fixed length control field 00908nam a2200265 i 4500
001 - CONTROL NUMBER
control field C2-0344106
003 - CONTROL NUMBER IDENTIFIER
control field PPAK
005 - DATE AND TIME OF LATEST TRANSACTION
control field 20180728145107.0
008 - FIXED-LENGTH DATA ELEMENTS--GENERAL INFORMATION
fixed length control field 171212s2016 my o|||| ||||| | eng d
020 ## - INTERNATIONAL STANDARD BOOK NUMBER
International Standard Book Number 9789674122928
040 ## - CATALOGING SOURCE
Original cataloging agency PPAK
Language of cataloging eng
Transcribing agency PPAK
Description conventions rda
082 04 - DEWEY DECIMAL CLASSIFICATION NUMBER
Classification number 333.911509595
Edition number 23
090 00 - LOCALLY ASSIGNED LC-TYPE CALL NUMBER (OCLC); LOCAL CALL NUMBER (RLIN)
Classification number (OCLC) (R) ; Classification number, CALL (RLIN) (NR) 333.911509595
Feature heading CHA
Feature heading G
100 1# - MAIN ENTRY--PERSONAL NAME
Personal name Chan, Chiang Heng,
Relator term author
245 10 - TITLE STATEMENT
Title Water quality & treatment :
Remainder of title the Malaysian scenario
264 #1 - PRODUCTION, PUBLICATION, DISTRIBUTION, MANUFACTURE, AND COPYRIGHT NOTICE
Place of production, publication, distribution, manufacture Bangi, Selangor :
Name of producer, publisher, distributor, manufacturer Penerbit Universiti Kebangsaan Malaysia ,
Date of production, publication, distribution, manufacture, or copyright notice 2016
300 ## - PHYSICAL DESCRIPTION
Extent 169 pages :
Other physical details photographs ;
Dimensions 23 cm
336 ## - CONTENT TYPE
Source rdacontent
Content type term text
337 ## - MEDIA TYPE
Source rdamedia
Media type term unmediated
338 ## - CARRIER TYPE
Source rdacarrier
Carrier type term volume
500 ## - GENERAL NOTE
General note Includes bibliographical references pages 163-164 and index.
650 10 - SUBJECT ADDED ENTRY--TOPICAL TERM
Topical term or geographic name entry element Water quality - Malaysia. ; Water quality management - Malaysia. ; Water - Pollution - Malaysia.
700 ## - ADDED ENTRY--PERSONAL NAME
Relator term author
942 ## - ADDED ENTRY ELEMENTS (KOHA)
-- dc
Koha item type Book
Holdings
Withdrawn Not for loan Current library Shelving location Date acquired Full call number Barcode Date last seen Koha item type
    Perpustakaan Alor Setar Pinjaman Dewasa 20/12/2017 333.911509595 CHA A01561077 09/05/2018 Book
    Perpustakaan Awam Sungai Petani Pinjaman Dewasa 20/12/2017 333.911509595 CHA A01561078 09/05/2018 Book
    Perpustakaan Baling Pinjaman Dewasa 20/12/2017 333.911509595 CHA A01561081 09/05/2018 Book
    Perpustakaan Jitra Pinjaman Dewasa 20/12/2017 333.911509595 CHA A01561079 09/05/2018 Book
    Perpustakaan Kulim Pinjaman Dewasa 20/12/2017 333.911509595 CHA A01561080 09/05/2018 Book
    Perpustakaan Langkawi Pinjaman Dewasa 20/12/2017 333.911509595 CHA A01561082 09/05/2018 Book
    Perpustakaan Merbok Pinjaman Dewasa 20/12/2017 333.911509595 CHA A01561083 09/05/2018 Book